[Event "AUTO-MASTER-1146"]
[Site "http://www.queenalice.com/game.php?id=851085"]
[Date "2010.10.27"]
[Round "2"]
[White "CesarLMarques"]
[Black "Kings_Pawn"]
[Result "1-0"]
[WhiteElo "2341"]
[BlackElo "2411"]

1. e4 e5 2. Nf3 Nc6 3. Bb5 Nf6 4. O-O Ng4 5. d4 exd4 6. Nxd4 Nxd4 7. Qxd4 Qf6 8.
Qxf6 Nxf6 9. e5 Ng4 10. h3 Nxe5 11. Re1 f6 12. f4 c6 13. Bf1 Bc5+ 14. Be3 Bxe3+
15. Rxe3 d6 16. fxe5 dxe5 17. Rb3 Ke7 18. Bd3 f5 19. Nd2 Rd8 20. Nf1 Kf6 21. Ng3
e4 22. Bf1 Ke5 23. Re1 Rd4 24. c3 Rd2 25. c4 a5 26. a4 1-0

[Event "AUTO-MASTER-1146"]
[Site "http://www.queenalice.com/game.php?id=851086"]
[Date "2010.10.27"]
[Round "2"]
[White "Kings_Pawn"]
[Black "CesarLMarques"]
[Result "0-1"]
[WhiteElo "2421"]
[BlackElo "2326"]

1. e4 e5 2. Nf3 Nc6 3. Bb5 Bc5 4. O-O d6 5. c3 Bd7 6. d4 Bb6 7. Bg5 f6 8. Be3
Nge7 9. Na3 exd4 10. Nxd4 O-O 11. Bc4+ Kh8 12. Nac2 f5 13. exf5 Nxf5 14. Nxf5
Bxf5 15. Bd5 Qh4 16. Bxb6 axb6 17. Ne3 Bg6 18. Qg4 Qxg4 19. Nxg4 b5 20. a3 Na5
21. Rfe1 c6 22. Ba2 Rae8 23. b4 Nc4 24. Bxc4 bxc4 25. Ne3 Bd3 0-1

[Event "AUTO-MASTER-1146"]
[Site "http://www.queenalice.com/game.php?id=851089"]
[Date "2010.10.27"]
[Round "2"]
[White "Kings_Pawn"]
[Black "trompmaster"]
[Result "1-0"]
[WhiteElo "2440"]
[BlackElo "2166"]

1. c4 d6 2. d4 Nf6 3. Nc3 c6 4. Nf3 Nbd7 5. e4 e5 6. Be2 Be7 7. O-O Qc7 8. Re1
h6 9. Qc2 Nf8 10. dxe5 dxe5 11. Qa4 Bd7 12. h3 g5 13. Rd1 Ng6 14. b4 Nf4 15.
Bxf4 gxf4 16. c5 Rg8 17. Kf1 Rg7 18. Rab1 Kf8 19. Qa5 Qb8 20. b5 Qc8 21. Rbc1
Qb8 22. bxc6 Bxc6 23. Bb5 b6 24. Qa4 Bxb5+ 25. Qxb5 Bxc5 26. Qc6 Be7 27. Nxe5
Qxe5 28. Qxa8+ Ne8 29. Rd5 Qf6 30. Nb5 Qb2 31. Qxe8+ Kxe8 32. Rc8+ Bd8 33. Nd6+
Kd7 34. Rxd8+ Kxd8 35. Nc4+ Kc7 36. Nxb2 Rg5 37. Rxg5 hxg5 38. Ke2 Kd7 39. Nd3
Kd6 40. Kf3 f6 41. Nxf4 1-0

[Event "AUTO-MASTER-1146"]
[Site "http://www.queenalice.com/game.php?id=851090"]
[Date "2010.10.27"]
[Round "2"]
[White "trompmaster"]
[Black "Kings_Pawn"]
[Result "0-1"]
[WhiteElo "2175"]
[BlackElo "2437"]

1. d4 Nf6 2. Nf3 g6 3. Bf4 Bg7 4. e3 d6 5. Be2 O-O 6. h3 c5 7. c3 b6 8. O-O Bb7
9. Nbd2 Nc6 10. Bh2 Rc8 11. Qe1 Qd7 12. Rd1 Nd8 13. Nc4 Bxf3 14. Bxf3 cxd4 15.
Rxd4 Ne6 16. Ne5 Qe8 17. Bc6 Rxc6 18. Nxc6 Qxc6 19. Rd1 b5 20. Qe2 a5 21. Rc1
Rc8 22. Qd1 a4 23. a3 Nd7 24. Qe2 d5 25. Qd2 Nb6 26. Rc2 d4 27. Rfc1 dxc3 28.
bxc3 Nc4 29. Qe2 Nxa3 30. Ra2 b4 31. Qg4 Qb5 32. Rb2 b3 33. Qe2 Qxe2 34. Rxe2
Nc4 35. Rb1 Bxc3 0-1

[Event "AUTO-OPEN-1852"]
[Site "http://www.queenalice.com/game.php?id=852020"]
[Date "2010.10.29"]
[Round "2"]
[White "Kings_Pawn"]
[Black "thewhitebishop"]
[Result "1-0"]
[WhiteElo "2416"]
[BlackElo "2010"]

1. e4 g6 2. d4 Bg7 3. Nc3 c5 4. Nf3 cxd4 5. Nxd4 Nc6 6. Be3 Nf6 7. Bc4 O-O 8.
Bb3 d6 9. f3 Bd7 10. Qd2 Nxd4 11. Bxd4 e5 12. Bf2 Bc6 13. O-O-O Ne8 14. Nd5 b6
15. h4 h5 16. g4 Kh7 17. gxh5 gxh5 18. Rhg1 f5 19. Be3 f4 20. Qg2 fxe3 21. Qg6+
1-0

[Event "AUTO-OPEN-1852"]
[Site "http://www.queenalice.com/game.php?id=852021"]
[Date "2010.10.29"]
[Round "2"]
[White "thewhitebishop"]
[Black "Kings_Pawn"]
[Result "0-1"]
[WhiteElo "1973"]
[BlackElo "2430"]

1. d4 Nf6 2. c4 e6 3. Nc3 Bb4 4. a3 Bxc3+ 5. bxc3 O-O 6. f3 Ne8 7. e4 b6 8. Bd3
Ba6 9. Be3 Nc6 10. Ne2 Nd6 11. c5 Bxd3 12. Qxd3 bxc5 13. dxc5 Ne5 14. Qd4 Ndc4
15. Bf4 Qh4+ 16. Bg3 Qf6 17. Bxe5 Nxe5 18. f4 Qh4+ 19. Kf1 Ng4 20. h3 e5 21.
fxe5 f6 22. Kg1 Nxe5 23. Qd5+ Kh8 24. Rf1 Rab8 25. Kh2 Ng4+ 26. Kg1 Ne3 27. g3
Qh6 28. Qxd7 Nxf1 29. Kxf1 Qe3 0-1

[Event "AUTO-ELITE-656"]
[Site "http://www.queenalice.com/game.php?id=856478"]
[Date "2010.11.8"]
[Round "1"]
[White "Kings_Pawn"]
[Black "Chezzdevil"]
[Result "0-1"]
[WhiteElo "2376"]
[BlackElo "2360"]

1. e4 e5 2. Nc3 Nf6 3. Nf3 Nc6 4. d4 exd4 5. Nxd4 Bb4 6. Nxc6 bxc6 7. Bd3 O-O 8.
O-O d5 9. exd5 cxd5 10. Bg5 c6 11. Qf3 Bd6 12. Rfe1 Rb8 13. Rab1 Be6 14. a3 Re8
15. b4 h6 16. Bxf6 Qxf6 17. Qxf6 gxf6 18. Na4 Kg7 19. Nc5 Bg4 20. h3 Be6 21. g4
h5 22. Nxe6+ fxe6 23. gxh5 f5 24. c4 Kh6 25. Re2 Kg5 26. Kh1 Re7 27. c5 Bf4 28.
Rg1+ Kf6 29. Rg6+ Kf7 30. Re1 Rh8 31. Be2 Rh6 32. Rxh6 Bxh6 33. Rg1 Re8 34. Ba6
Re7 35. Kg2 Bg5 36. Kg3 Bf6 37. Kf4 Bb2 38. Rg3 Rd7 39. a4 Bd4 40. Kf3 Rd8 41.
Ke2 Rh8 42. Rd3 Be5 43. b5 Rxh5 44. b6 axb6 45. cxb6 Rh4 46. Ra3 Rb4 47. a5 Bd4
48. b7 Ba7 49. Kd1 c5 0-1

[Event "AUTO-ELITE-656"]
[Site "http://www.queenalice.com/game.php?id=856479"]
[Date "2010.11.8"]
[Round "1"]
[White "Chezzdevil"]
[Black "Kings_Pawn"]
[Result "1-0"]
[WhiteElo "2372"]
[BlackElo "2364"]

1. d4 d6 2. c4 Nf6 3. Nc3 e5 4. dxe5 dxe5 5. Qxd8+ Kxd8 6. Nf3 Nbd7 7. Bg5 c6 8.
O-O-O Kc7 9. h3 Bb4 10. Bd2 h6 11. Rg1 Bc5 12. e3 Bd6 13. Bd3 Nc5 14. Bc2 Be6
15. b3 b6 16. e4 a5 17. Be3 Rhd8 18. Rd2 Nh5 19. Rgd1 f6 20. g4 Nf4 21. Bxf4
exf4 22. Nd4 Bd7 23. Ndb5+ cxb5 24. Rxd6 bxc4 25. bxc4 Bc6 26. Rxd8 Rxd8 27.
Nd5+ Bxd5 28. exd5 Rb8 29. a4 Re8 30. Kd2 Re5 31. Rb1 h5 32. Rg1 h4 33. Ra1 Nb7
34. Rg1 f3 35. Bd1 Re4 36. Kd3 Nd6 37. Bxf3 Rf4 38. Be2 Rxc4 39. Ra1 Rb4 40.
Rc1+ Kd7 41. Rc6 Rxa4 42. Rxb6 Ra3+ 43. Kd4 Rxh3 44. Ra6 Rb3 45. Rxa5 Rb4+ 46.
Kc3 Rb1 47. Ra8 Ne4+ 48. Kd4 Rb4+ 49. Ke3 g5 50. Bd3 Nc5 51. Bf5+ Kd6 52. Rd8+
1-0

[Event "AUTO-ELITE-656"]
[Site "http://www.queenalice.com/game.php?id=856480"]
[Date "2010.11.8"]
[Round "1"]
[White "Kings_Pawn"]
[Black "jrafaelcc"]
[Result "1-0"]
[WhiteElo "2426"]
[BlackElo "2204"]

1. c4 Nf6 2. d4 g6 3. Nc3 Bg7 4. e4 d6 5. f4 Nbd7 6. e5 Ng8 7. Nf3 c5 8. exd6
exd6 9. Nb5 Nb6 10. dxc5 dxc5 11. Be3 Be6 12. Bxc5 Ne7 13. Ng5 Bf6 14. Qxd8+
Rxd8 15. Nc7+ Kf8 16. Ncxe6+ fxe6 17. Nxe6+ Kf7 18. Nxd8+ Rxd8 19. Rd1 Rc8 20.
Bxb6 axb6 21. b3 1-0

[Event "AUTO-ELITE-656"]
[Site "http://www.queenalice.com/game.php?id=856481"]
[Date "2010.11.8"]
[Round "1"]
[White "jrafaelcc"]
[Black "Kings_Pawn"]
[Result "0-1"]
[WhiteElo "2184"]
[BlackElo "2444"]

1. e4 c6 2. d4 d5 3. Nd2 dxe4 4. Nxe4 Bf5 5. Ng3 Bg6 6. h4 h6 7. h5 Bh7 8. Nf3
Nd7 9. Bd3 Bxd3 10. Qxd3 e6 11. Bf4 Qa5+ 12. c3 Ngf6 13. b4 Qa3 14. Qc4 a5 15.
O-O axb4 16. cxb4 Qxb4 17. Qxb4 Bxb4 18. Rab1 Nd5 19. Ne5 Nxe5 20. dxe5 Rxa2 21.
Rfd1 c5 22. Rxd5 exd5 23. Nf5 g5 24. hxg6 fxg6 25. Nxh6 d4 26. Ng4 Ke7 27. Nf6
Ke6 28. g4 d3 0-1

[Event "AUTO-ELITE-663"]
[Site "http://www.queenalice.com/game.php?id=860352"]
[Date "2010.11.18"]
[Round "1"]
[White "chaingang"]
[Black "Kings_Pawn"]
[Result "0-1"]
[WhiteElo "2186"]
[BlackElo "2423"]

1. e4 c6 2. d4 d5 3. Nc3 dxe4 4. f3 Nf6 5. fxe4 e5 6. d5 Bb4 7. Bg5 Bxc3+ 8.
bxc3 Qa5 9. dxc6 Nxe4 10. Bd2 Nxc6 11. Nf3 Qc5 12. Qe2 Nxd2 13. Qxd2 O-O 14.
O-O-O Qa3+ 0-1

[Event "AUTO-ELITE-663"]
[Site "http://www.queenalice.com/game.php?id=860353"]
[Date "2010.11.18"]
[Round "1"]
[White "Kings_Pawn"]
[Black "chaingang"]
[Result "0-1"]
[WhiteElo "2450"]
[BlackElo "2167"]

1. c4 Nf6 2. Nc3 g6 3. d4 Bg7 4. Nf3 O-O 5. e4 d6 6. Be2 e5 7. O-O Nc6 8. d5 Ne7
9. b4 Ne8 10. h3 f5 11. Ng5 h6 12. Nf3 f4 13. Bb2 g5 14. Qb3 Ng6 15. Nd2 Nf6 16.
c5 h5 17. cxd6 cxd6 18. Nc4 g4 19. hxg4 hxg4 20. Bd3 g3 21. Nb5 Ng4 22. fxg3
fxg3 23. Rxf8+ Bxf8 24. Kf1 Qf6+ 25. Ke2 Qf2+ 26. Kd1 Nf4 27. Qc2 Bd7 28. Qxf2
Nxf2+ 29. Kc2 Bxb5 30. a4 Bxc4 31. Bxc4 Rc8 32. Kb3 Nxe4 33. Bc1 Bg7 34. Ra2 Nf2
35. Be3 N4d3 36. Rc2 Ne1 37. Re2 Nxg2 38. Bxf2 gxf2 39. Rxf2 Nf4 40. Rf1 Kf7 41.
Bd3 Bf6 42. Bh7 Rh8 43. Be4 Ne2 44. Rf2 Rh3+ 45. Kc2 Nd4+ 46. Kc1 Ra3 47. a5 Re3
48. Bh7 Rb3 49. Kd2 Rb2+ 0-1

[Event "AUTO-ELITE-663"]
[Site "http://www.queenalice.com/game.php?id=860358"]
[Date "2010.11.18"]
[Round "1"]
[White "boydelta"]
[Black "Kings_Pawn"]
[Result "1-0"]
[WhiteElo "2220"]
[BlackElo "2272"]

1. d4 d5 2. c4 c6 3. e3 Bf5 4. Nc3 e6 5. Nf3 Nf6 6. a3 Nbd7 7. h3 Bd6 8. b4 dxc4
9. Bxc4 O-O 10. O-O a5 11. b5 Nb6 12. Bd3 Nbd5 13. Nxd5 cxd5 14. Ne5 Ne4 15. Bb2
Rc8 16. Rc1 Rxc1 17. Qxc1 Bxe5 18. dxe5 Ng3 19. fxg3 Bxd3 20. Rd1 Bxb5 21. e4
Bc4 22. Bd4 b5 23. Bc5 Re8 24. Qe3 Qc7 25. Bd6 Qb7 26. Rd4 b4 27. axb4 1-0

[Event "AUTO-ELITE-663"]
[Site "http://www.queenalice.com/game.php?id=860359"]
[Date "2010.11.18"]
[Round "1"]
[White "Kings_Pawn"]
[Black "boydelta"]
[Result "0-1"]
[WhiteElo "2286"]
[BlackElo "2206"]

1. f4 e5 2. e4 exf4 3. Nf3 g5 4. Bc4 d5 5. Bxd5 c6 6. Bb3 Bg7 7. O-O Be6 8. c3
h6 9. d4 Ne7 10. Nbd2 Bxb3 11. Qxb3 b6 12. h4 Ng6 13. hxg5 hxg5 14. e5 g4 15.
Ne4 gxf3 16. Nd6+ Kd7 17. Qxf7+ Ne7 18. Qxg7 Rg8 19. Qh7 Rxg2+ 20. Kh1 Na6 21.
Qh3+ Kc7 22. Rxf3 Rg7 23. Bxf4 Qg8 24. e6 Rh7 25. Nf7+ Kb7 26. Bh6 Qg6 0-1

[Event "AUTO-OPEN-2012"]
[Site "http://www.queenalice.com/game.php?id=867332"]
[Date "2010.12.3"]
[Round "3"]
[White "Lorfman"]
[Black "Kings_Pawn"]
[Result "1-0"]
[WhiteElo "2845"]
[BlackElo "2352"]

1. d4 d5 2. c4 e6 3. Nf3 Nf6 4. Nc3 c6 5. Bg5 h6 6. Bh4 dxc4 7. e4 g5 8. Bg3 b5
9. Be2 Bb7 10. O-O Nbd7 11. Ne5 Be7 12. f4 O-O 13. fxg5 hxg5 14. Qc2 Nxe5 15.
Bxe5 Nd7 16. Bg3 e5 17. dxe5 Nc5 18. Rad1 Qa5 19. e6 fxe6 20. e5 Kg7 21. Rf6
Bxf6 22. exf6+ Rxf6 23. Be5 Qb6 24. Kh1 Rf8 25. Ne4 1-0

[Event "AUTO-OPEN-2012"]
[Site "http://www.queenalice.com/game.php?id=867333"]
[Date "2010.12.3"]
[Round "3"]
[White "Kings_Pawn"]
[Black "Lorfman"]
[Result "0-1"]
[WhiteElo "2351"]
[BlackElo "2846"]

1. e4 c5 2. Nf3 d6 3. d4 cxd4 4. Nxd4 Nf6 5. Nc3 a6 6. Be2 e5 7. Nb3 Be7 8. O-O
O-O 9. Kh1 Nc6 10. f3 b5 11. Be3 Na5 12. Nxa5 Qxa5 13. Qd2 Qc7 14. Rfd1 Bd7 15.
Bd3 Rfc8 16. a3 Qb7 17. Qf2 Bc6 18. Qg3 Rd8 19. Kg1 g6 20. Rd2 a5 21. a4 bxa4
22. Nxa4 Bxa4 23. Rxa4 Qxb2 24. Rd1 d5 25. Kh1 Qc3 0-1